Normal view
MARC view
- KHAN, MUHAMMAD AFTAB
Entry Personal Name
001 - CONTROL NUMBER
- control field: 67025
003 - CONTROL NUMBER IDENTIFIER
- control field: NUST
005 - DATE AND TIME OF LATEST TRANSACTION
- control field: 20210628203724.0
008 - FIXED-LENGTH DATA ELEMENTS
- fixed length control field: 210628|| aca||aabn | a|a d
040 ## - CATALOGING SOURCE
- Original cataloging agency: NUST
- Transcribing agency: NUST
100 ## - HEADING--PERSONAL NAME
- Personal name: KHAN, MUHAMMAD AFTAB
670 ## - SOURCE DATA FOUND
- Source citation: Work cat.: (NUST): KHAN, MUHAMMAD AFTAB, JANVAROON KEE KHORACK AND NIGHIADASHT, 1988
